00394nam a22001457a 450000500170000000800410001702000180005804100120007608200120008810000120010024500440011226000430015630000250019965000240022420241126072827.0241126b |||||||| |||| 00| 0 eng d a9780409118698 aEnglish a349 JOU lEnglish aThe Law of South Africa / cWA Joubert  aDurban: bLexisNexis (Pty) Ltd, c2013 b1194 pages; c26 cm. aLegal practicebLaw